Länder mit den meisten Spielautomaten - Statistiken

Allgemein
  • Dieses Quiz wurde 106 mal gespielt
  • Das Durchschnittsergebnis liegt bei 7 aus 10
Antwortstatistiken
# Land % Korrekt
2 USA
98%
4 Deutschland
97%
1 Japan
88%
8 Kanada
87%
5 Spanien
78%
3 Italien
74%
7 Vereinigtes Königreich
73%
6 Australien
71%
9 Argentinien
36%
10 Kolumbien
13%
Keine übereinstimmenden Quizze gefunden
Verteilung der Resultate
Anzahl Personen mit jedem Resultat
Perzentil nach korrekt beantworteten Fragen
Ihre Resultats-Entwicklung
Sie haben dieses Quiz noch nicht gespielt